| 000 | 00568nam a22002057a 4500 | ||
|---|---|---|---|
| 003 | OSt | ||
| 005 | 20180207141138.0 | ||
| 008 | 160711b xxu||||| |||| 00| 0 eng d | ||
| 020 | _a 978-0615486383 | ||
| 020 | _a 061548638X | ||
| 040 | _cDNLM. | ||
| 082 | _aQZ4 K25d 2011. | ||
| 100 |
_aEdited by Louis,N.David; _910123 |
||
| 245 | _aKeen Minds to Explore the dark Continents of Diseases; | ||
| 260 |
_aBoston; _bMGH and Medical school, _c2011. |
||
| 300 |
_axiv,411p; _bill; _c26cm. |
||
| 504 | _aincludes index. | ||
| 650 |
_aPathology. _937 |
||
| 942 |
_2z _cO_SHELF |
||
| 999 |
_c4706 _d4706 |
||